Turkish People Around the World - Statistics

General Stats
  • This quiz has been taken 213 times
  • The average score is 5 of 7
Answer Stats
Rank Country Population of Turks % of total population % Correct
1 Turkey 65,560,701 80.06
96%
3 Germany 2,852,000 3.47
95%
6 UK 500,000 0.75
78%
4 France 820,000 1.26
77%
5 Bulgaria 800,000 11.37
67%
2 Iraq 3,000,000 10
55%
7 Netherlands 396,414 2.32
52%
No matching quizzes found
Score Distribution
Percent of People with Each Score
Percentile by Number Answered
Your Score History
You have not taken this quiz